000
00219nam a2200097Ia 4500
008
200302s9999 xx 000 0 und d
100
_a
Author
245
_a
Abitare Annual 14
260
_b
Roto Vision S A
300
_a
272 P.,
999
_c
1891
_d
1891